Statystyki dla Zgadnij kto to... / Guess who...

Kliknij tutaj aby rozwiązać quiz!

Ogólne statystyki

  • Ten quiz został rozwiązany 167 razy
  • Średni wynik to 23 z 50

Statystyki odpowiedzi

Odpowiedź% Poprawnych
Robert Lewandowski
92%
Ariana Grande
84%
Shakira
84%
Neymar
78%
Selena Gomez
75%
Leonardo DiCaprio
71%
Beyoncé
69%
Cristiano Ronaldo
65%
Will Smith
65%
Brad Pitt
64%
Iga Świątek
64%
Adele
59%
David Beckham
57%
Rihanna
57%
Bruno Mars
56%
Jennifer Lopez
56%
Angelina Jolie
55%
Ed Sheeran
53%
Britney Spears
52%
Johnny Depp
52%
Diego Maradona
51%
Justin Bieber
51%
Leo Messi
49%
Lady Gaga
46%
Kim Kardashian
45%
Joanna Jędrzejczyk
44%
Dwayne Johnson
43%
Scarlett Johansson
41%
Kylie Jenner
39%
Usain Bolt
39%
Jay-Z
38%
Connor McGregor
37%
Gordon Ramsay
37%
George Clooney
35%
Morgan Freeman
35%
Roger Federer
35%
Sandra Bullock
33%
Michael Jordan
32%
Jan Błachowicz
31%
The Weeknd
31%
Snoop Dogg
30%
Lewis Hamilton
28%
Kendall Jenner
27%
Margot Robbie
27%
Tomasz Adamek
27%
LeBron James
26%
PewDiePie
26%
Tiger Woods
24%
Wiz Khalifa
12%
Anthony Joshua
4%

Rozkład punktacji

Percentyl według liczby udzielonych odpowiedzi

Procent ludzi z każdym wynikiem

Twoja historia wyników

Nie rozwiązałeś tego quizu